MDQL
is popping MORE tags! Check the
thread
!
Quizzes
Events
Quiz Creation
Community
Videos
Private Events
Remove Ads
Sign In
Join for FREE
Feedback
Dark Mode
Quiz Categories
Sports
Geography
Music
Movies
Television
Just For Fun
Miscellaneous
History
Literature
Language
Science
Gaming
Entertainment
Religion
Holiday
For Kids
Quiz Lab
Recent
Popular Today
Quiz Kudos Today
Editor Picks
Curator Picks
Quizzes by...
Day
Popularity
Type
Ratings
Length
Year
Community
Subscriptions
Recent Discussions
Orange Saloon
Badges
Playlists
Quests
Create
Leaderboards
Showdown
Live 5
Trivia Bingo
Activity
Puzzle Library
Sporcle Events
Private Events
Virtual Trivia
Globe League
Become a Host
Pub Owners
SporcleCon
Opinionation
Our Games
Videos
Blog
Mobile Apps
Partnerships
Remove Ads and Go Orange
Feedback
Language
Vocabulary
Begins and Ends
Definition
Spanish
French
German
Italian
Chinese
Latin
Translation
Japanese
Language
Vocabulary
Begins and Ends
Definition
Spanish
French
German
Italian
Chinese
Latin
Translation
Japanese
Random Quiz
Search Sporcle
×
Quiz Lab
Quiz Lab
Language
Islam
Select answers by clicking on text or image buttons
Select answers by clicking on text or image buttons
Clickable
Best Score? Go Orange.
Meaning of Quran Surahs Stats
Can you pick the Meanings of Quran Surahs ?
By
Nur
20m
114 Questions
532 Plays
532 Plays
532 Plays
Comments
Comments
Give Quiz Kudos
Give Quiz Kudos
-
- Ratings
hide this ad
More Info
Forced Order
Answers have to be entered in order
Answers have to be entered in order
Random Order
Randomize order of answers
Randomize order of answers
Replay
Link that replays current quiz
Next Quiz
Link to next quiz in quiz playlist
You Got
0%
They Got
Avg Score
39%
Avg Friend Score
Upgrade to see
Score Distribution
Jump to the score distribution portion of the page
Score
0/114
Timer
20:00
0
Plays Today
% Correct
The Cow
84.8%
The Famiy of 'Imran
84.4%
Women
83.3%
The Opening
80.6%
Abraham
75%
Joseph
73.9%
Hud
73.5%
Mary
71.4%
Taha
69.5%
Jonah
67.9%
Luqman
67.5%
The Pilgrimage
66.9%
The Light
66%
The Cave
65.8%
Ya-seen
65.4%
The Prophets
63.7%
The Table
63.2%
Repentance
62%
The Prostration
61.1%
The Spider
60.3%
The Believers
59.8%
The Romans
58.8%
The Letter Qaf
57.3%
The Bee
57.1%
The Letter Sad
57.1%
Cattle
57%
The Jinn
57%
The Ant
56.4%
Prophet Noah
55.8%
Friday
54.5%
The Thunder
53.4%
The Moon
53.4%
The Pen
53%
Sheba
50.9%
Peace be upon him
50.6%
The Stories
50%
Divorce
48.9%
The Star
48.1%
% Correct
The Elephant
47.6%
The Night Journey
47.4%
The Sun
47.2%
Quraish
47%
Spoils of War
46.8%
The Night
46.8%
The Disbelievers
45.1%
The Hypocrites
44.7%
The Heights
44.5%
The Fig
43%
Smoke
42.7%
Man
42.1%
The Poets
41.9%
The Beneficent
41.7%
The Iron
41.5%
The Criterian
40.6%
Mankind
39.5%
The Earthquake
39.1%
Victory
38.5%
The City
38.5%
The Mount
38.2%
Stone Land
35.7%
The Most High
35.2%
The Clot
35%
The Forgiver God
34.6%
The Dawn
34.4%
The Sovereignty
33.6%
He frowned
32.7%
Those who set the Ranks
30.6%
The Cloaked One
29.5%
Power
29.3%
Consultation
28.4%
The Enshrouded One
28%
The Rising of The Dead
28%
Sincerity
26.9%
Prohibtiion
26.7%
Ornaments of Gold
26.3%
The Daybreak
25.9%
% Correct
Orignator
25.8%
The Morning Hours
25.2%
Explained in Detail
23.7%
The Clear Proof
23.7%
The Combined Forces
23.3%
The Mansions of the Stars
23.1%
The Declining Day
22.9%
Small Kindesses
22.4%
The Troops
22%
She that is to be examined
20.7%
Abundance
20.5%
The Reality
20.1%
Divine Support
20.1%
The Private Apartments
19.4%
Crouching
19.2%
The Flame
18.6%
She That Disputeth
18%
The Inevitable
17.9%
The Tidings
17.7%
The Ascending Stairways
17.5%
The Nightcomer
17.5%
Exile
17.3%
The Calamity
16.9%
The Wind Curved Sandhills
16%
The Winnowing Winds
15.6%
Battle Array
15.4%
The Cleaving
15.4%
Those who drag forth
15.2%
Rivalry in world increase
14.8%
Mutual Disillusion
14.5%
The Emissaries
14.1%
Relief
13.7%
Defrauding
13.2%
The Overwhelming
12.6%
The Sundering
11.8%
The Traducer
11.3%
The Courser
9.8%
The Overthrowing
9.6%
Quiz Playlist
Details
Report
Send in Message
Add To Playlist
More Info:
Try till you can get them all!
Clickable:
Select answers by clicking on text or image buttons
Forced Order:
Answers have to be entered in order
Random Order:
Randomize order of answers
Last Updated: Feb 16, 2017
Quiz Scoreboard
CHALLENGE
Sign Up to Join the Scoreboard
Show All
Scores
Hide
Comments
May contain spoilers
Recently Published
1-10 Letter E Words III
by El_Dandy
Language
2m
Street Fighter Characters
by Artimus82
Gaming
60s
College Basketball Coaching Resumes
by pancakes188
Sports
9m
More to Explore
Quiz From the Vault
Featured Blog Post
Where Did the Easter Bunny Come From?
hide this ad
You Might Also Like...
Tags
Clickable Quiz
Islam Quiz
Quran
surah
Today's Top Quizzes in Language
Browse Language
hide this ad
Today's Top Quizzes in Islam
Browse Islam
Top Contributed Quizzes in Language
1
1-10 Letter F Words III
2
1-10 Letter G Words III
3
1-10 Letter H Words III
4
Celtic Nations in their Language
5
1-10 Letter I Words III
6
Alphabetize! : 'As' words
7
One Thing in Common: Italy
8
1-10 Letter J Words III
9
Order Up: Top 10 Most Native Spoken Languages
10
1-10 Letter K Words III
Explore More
Trending Topics
Anime
Kpop
Harry Potter
Disney
Marvel
NBA
Crossword
Song
Puzzle
WWE
Pokémon
Soccer
The Office
Country
NFL
hide this ad
More By:
Nur
Quiz
Plays
Rating
Category
Featured
Created
Meaning of Quran Surahs
532
5.00
Language
Apr 26, 2012
Go to Creator's Profile
Score Distribution
Quiz Creator Spotlight
Nur
Follow
Send a Message
Quizzes Created
-
Created Quiz Play Count
-
More By This Creator
Popular Quizzes Today
1
Find the US States - No Outlines Minefield
2
Find the Countries of Europe - No Outlines Minefield
3
Find the US States
4
The Countries of the World
5
Risky Map Clicking: Biggest States A-Z
6
US States
7
Popular People in 1961
8
Movies - When Are They Set?
More Language Quizzes
Adjectival Mythology I
Editor's Pick
Trending Quizzes
Risky Map Clicking: Least Populous States A-Z
1-10 Letter G Words
Countries of the World: 200 Million BC
1-10 Letter F Words
Risky Map Clicking: Next State Alphabetically
Recently Updated
Largest US Cities 1790-2010
pecheneg
Rides in Walt Disney World
pecheneg
Most Oscar Losses (Acting)
pecheneg
Beyoncé Albums
pecheneg
Leaping Animals
pecheneg
Reality TV Shows (A-Z)
bhenderson79
Rickey Henderson's Hall of Fame Teammates
pecheneg
Champions League XIs: Arsenal
pecheneg
Quick Pick: Celebrities in WWE's Hall of Fame
aduchscher
A-Z Keypad Blitz II
pecheneg
Trending Topics
Disney
Marvel
NBA
Crossword
Anime
Harry Potter
Kpop
The Office
NFL
WWE
Soccer
Country
Pokémon
Puzzle
Song
Your Account Isn't Verified!
In order to create a playlist on Sporcle, you need to verify the email address you used during registration. Go to your
Sporcle Settings
to finish the process.
Report this User
Report this user for behavior that violates our
Community Guidelines
.
Details:
Send Report
Go to the Sporcle.com Mobile Site →
Comments